00401pab a2200133 454500008004000000100002000040245006600060260000900126300001300135362001200148650003500160650002700195773004500222180718b2007 xxu||||| |||| 00| 0 eng d aMashelkar, R.A. aMaking technologies work for the poor: the Indian perspective c2007 ap.37-43. aJan-Jun aScience and technology - India aScience and technology aASTI Journal of Training and Development